[Event "25th European Teams Women"]
[Site "Batumi GEO"]
[Date "2025.10.08"]
[Round "4.7"]
[Board "1"]
[White "Narva, Mai"]
[Black "Yao, Lan"]
[Result "1-0"]
[WhiteTitle "IM"]
[BlackTitle "WGM"]
[WhiteElo "2403"]
[BlackElo "2316"]
[WhiteTeam "Estonia"]
[BlackTeam "England"]
[WhiteFideId "4500512"]
[BlackFideId "8610835"]
[EventDate "2025.10.05"]

1. e4 e6 2. d4 d5 3. Nc3 Nf6 4. Bg5 Be7 5. e5 Nfd7 6. Bxe7 Qxe7 7. f4 a6 8. Qg4
g6 9. Nf3 c5 10. dxc5 Nc6 11. Be2 Nxc5 12. O-O b5 13. a3 Bb7 14. Rad1 Nd7 15.
Kh1 b4 16. axb4 Qxb4 17. Ng5 Ne7 18. Qh3 Nc5 19. b3 Bc6 20. Bg4 h5 21. Na2 Qb7
22. Nc1 Kf8 23. Qh4 Kg7 24. Bh3 Raf8 25. Rfe1 Nf5 26. Bxf5 exf5 27. Ne2 Ne6 28.
Nd4 Nxd4 29. Rxd4 Qe7 30. Qf2 Re8 31. Ra1 Bb7 32. Qd2 Rd8 33. h3 Rd7 34. e6 fxe6
35. Re1 Rd6 36. Qb4 Re8 37. c4 Qd7 38. Nf3 Qc7 39. Ne5 Rdd8 40. c5 Bc6 41. Qc3
Kh7 42. Qg3 Rg8 43. Nf3 Rde8 44. Ng5+ Kh8 45. Nxe6 Qf7 46. Ng5 Qf6 47. Red1 Re7
48. Qd3 Bb5 49. Qc3 Rge8 50. Qa5 Re2 51. Qc7 R2e7 52. Qd6 Qxd6 53. cxd6 Rd7 54.
Rxd5 Kg7 55. Re5 Rc8 56. Ne6+ Kf6 57. Nc5 Ra7 58. b4 Rd8 59. Re6+ Kf7 60. Rde1
Bc4 61. Re7+ Rxe7 62. Rxe7+ Kg8 63. Nb7 Rb8 64. d7 Kf8 65. Re3 1-0

[Event "25th European Teams Women"]
[Site "Batumi GEO"]
[Date "2025.10.08"]
[Round "4.7"]
[Board "2"]
[White "Hunt, Harriet V"]
[Black "Olde, Margareth"]
[Result "1/2-1/2"]
[WhiteTitle "IM"]
[BlackTitle "WIM"]
[WhiteElo "2284"]
[BlackElo "2187"]
[WhiteTeam "England"]
[BlackTeam "Estonia"]
[WhiteFideId "403512"]
[BlackFideId "4503082"]
[EventDate "2025.10.05"]

1. e4 c5 2. Nf3 e6 3. d4 cxd4 4. Nxd4 a6 5. Nc3 Qc7 6. Bd3 Nc6 7. Nxc6 bxc6 8.
O-O Nf6 9. Qe2 Bd6 10. f4 e5 11. f5 Bc5+ 12. Kh1 h5 13. Bc4 Bd4 14. Bg5 Qa7 15.
Bxf6 gxf6 16. Rf3 Bb7 17. Na4 d5 18. Bd3 Bb6 19. c4 d4 20. Rh3 c5 21. Rxh5 Rxh5
22. Qxh5 Ba5 23. b3 Bc6 24. Nb2 Qb7 25. Qh4 Ke7 26. Nd1 Bd2 27. Qf2 Bf4 28. Qe1
Rh8 29. g3 Bxg3 30. Qxg3 Bxe4+ 31. Bxe4 Qxe4+ 32. Kg1 Kf8 33. Nf2 Qxf5 34. Qd3
Qf4 35. Qe4 Rg8+ 36. Kf1 Qxh2 37. Ke2 Qh5+ 38. Kd2 Rg3 39. Rh1 Qg5+ 40. Kd1 Rg1+
41. Rxg1 Qxg1+ 42. Ke2 Qa1 43. Qc2 f5 44. Qxf5 Qxa2+ 45. Kf1 Qxb3 46. Qc8+ Kg7
47. Qxc5 Qb1+ 48. Kg2 Qg6+ 49. Kf1 Qb1+ 50. Kg2 Qg6+ 51. Kf1 Qb1+ 52. Kg2 Qg6+ 1/2-1/2

[Event "25th European Teams Women"]
[Site "Batumi GEO"]
[Date "2025.10.08"]
[Round "4.7"]
[Board "3"]
[White "Blokhin, Sofia"]
[Black "Mirzoeva, Elmira"]
[Result "0-1"]
[WhiteTitle "WFM"]
[BlackTitle "WGM"]
[WhiteElo "2071"]
[BlackElo "2300"]
[WhiteTeam "Estonia"]
[BlackTeam "England"]
[WhiteFideId "4508190"]
[BlackFideId "4127951"]
[EventDate "2025.10.05"]

1. d4 d5 2. c4 c6 3. Nc3 dxc4 4. e4 b5 5. a4 b4 6. Na2 Nf6 7. e5 Nd5 8. Bxc4 e6
9. Ne2 Be7 10. O-O Nd7 11. b3 Bb7 12. Be3 Nxe3 13. fxe3 O-O 14. Nf4 c5 15. Bd3
cxd4 16. Qh5 h6 17. exd4 Rb8 18. Rad1 a5 19. Nc1 Bg5 20. Nce2 Bxf4 21. Rxf4 Qg5
22. Qh3 h5 23. Rdf1 Rbc8 24. R4f2 Qg4 25. Qxg4 hxg4 26. Nf4 Nb6 27. Be2 Nd5 28.
Nd3 Ne3 29. Re1 Nc2 30. Nc5 Rxc5 31. dxc5 Nxe1 32. Bb5 Bd5 33. Re2 Nxg2 34. Rxg2
Bxg2 35. Kxg2 Rd8 36. Kg3 Rd5 37. c6 Rxe5 38. Kxg4 Kf8 39. Kf4 Rc5 40. Ke4 Ke7
41. Kd4 Kd6 0-1

[Event "25th European Teams Women"]
[Site "Batumi GEO"]
[Date "2025.10.08"]
[Round "4.7"]
[Board "4"]
[White "Sivanandan, Bodhana"]
[Black "Olde, Grete"]
[Result "1/2-1/2"]
[WhiteTitle "WFM"]
[BlackTitle "WCM"]
[WhiteElo "2205"]
[BlackElo "1972"]
[WhiteTeam "England"]
[BlackTeam "Estonia"]
[WhiteFideId "497592"]
[BlackFideId "4503104"]
[EventDate "2025.10.05"]

1. e4 e5 2. Nf3 Nc6 3. Nc3 Nf6 4. d4 exd4 5. Nxd4 Bb4 6. Nxc6 bxc6 7. Bd3 O-O 8.
O-O d5 9. exd5 Bg4 10. Ne2 cxd5 11. h3 Bh5 12. c4 Re8 13. Qc2 Bg6 14. Rd1 Bd6
15. Be3 Qe7 16. Bxg6 hxg6 17. Rab1 dxc4 18. Qxc4 Nd7 19. Nd4 Qh4 20. Qc2 Qh5 21.
Qe2 Qxe2 22. Nxe2 Nb6 23. b3 Rad8 24. Kf1 a5 25. Nc3 Be5 26. Nb5 Nd5 27. Bd2 c6
28. Na3 Bc3 29. Nc4 Bxd2 30. Rxd2 Nc3 31. Rbb2 a4 32. Rbc2 Nd5 33. bxa4 Nb4 34.
Rxd8 Rxd8 35. Rb2 c5 36. a3 Nc6 37. Rb6 Rd4 38. Nb2 Na5 39. Rb5 Nc4 40. Nxc4
Rxc4 41. a5 Kf8 42. Ke2 Ke7 43. Kd3 Ra4 44. Rxc5 Rxa3+ 45. Kc4 Kd6 46. Kb4 Ra2
47. Rc3 Rxf2 48. a6 Ra2 49. Ra3 Rb2+ 50. Kc4 Rc2+ 51. Kd3 Rc8 52. Kd4 Ra8 53. a7
Kc6 54. Kc4 f6 55. Ra2 Kb7 56. Kb5 g5 57. Re2 Rd8 58. Re7+ Ka8 59. Rxg7 Rd2 60.
g4 Rd3 61. Rh7 Rc3 62. Kb6 Rb3+ 63. Kc6 Rf3 64. Kb6 Rb3+ 65. Ka6 Ra3+ 66. Kb5
Rf3 67. Kb6 1/2-1/2

[Event "25th European Teams Women"]
[Site "Batumi GEO"]
[Date "2025.10.08"]
[Round "4.8"]
[Board "1"]
[White "Badelka, Olga"]
[Black "Khademalsharieh, Sarasadat"]
[Result "1-0"]
[WhiteTitle "IM"]
[BlackTitle "IM"]
[WhiteElo "2377"]
[BlackElo "2444"]
[WhiteTeam "Austria"]
[BlackTeam "Spain"]
[WhiteFideId "13509926"]
[BlackFideId "12512214"]
[EventDate "2025.10.05"]

1. e4 e5 2. Nf3 Nc6 3. g3 Nf6 4. d3 d5 5. exd5 Nxd5 6. Bg2 Bb4+ 7. c3 Be7 8. O-O
O-O 9. Re1 Bf6 10. Nbd2 Bf5 11. Ne4 Be7 12. Qc2 a5 13. a3 a4 14. c4 Nf6 15. Be3
Qd7 16. Rad1 Bg4 17. Rd2 Ra5 18. Nc3 Bxf3 19. Bxf3 Nd4 20. Bxd4 exd4 21. Nd5 Bd8
22. Rde2 c6 23. Nxf6+ Bxf6 24. Qd2 Qf5 25. Be4 Qc5 26. Qf4 Raa8 27. Qc7 Rab8 28.
Bd5 Rbd8 29. Re8 Kh8 30. Qxf7 Qd6 31. Bg2 g6 32. c5 1-0

[Event "25th European Teams Women"]
[Site "Batumi GEO"]
[Date "2025.10.08"]
[Round "4.8"]
[Board "2"]
[White "Vega Gutierrez, Sabrina"]
[Black "Schloffer, Jasmin-Denise"]
[Result "1-0"]
[WhiteTitle "IM"]
[BlackTitle "WIM"]
[WhiteElo "2362"]
[BlackElo "2186"]
[WhiteTeam "Spain"]
[BlackTeam "Austria"]
[WhiteFideId "2219026"]
[BlackFideId "1631209"]
[EventDate "2025.10.05"]

1. e4 c6 2. d4 d5 3. e5 c5 4. dxc5 e6 5. Qh5 Bxc5 6. Bd3 Nc6 7. Nf3 Qc7 8. O-O
g6 9. Qg5 Bd7 10. a3 h6 11. Qg3 Nge7 12. b4 Bb6 13. Bb2 g5 14. Nbd2 Rg8 15. b5
Na5 16. Nd4 Ng6 17. Rfe1 Nf4 18. Rac1 Rc8 19. Bf1 Bc5 20. Qe3 Qb6 21. g3 Kf8 22.
Kh1 Ng6 23. Bd3 a6 24. a4 axb5 25. axb5 Qd8 26. c4 dxc4 27. Nxc4 Bxd4 28. Qxd4
Nb3 29. Qd6+ Kg7 30. Rc3 Bxb5 31. Rxb3 Bxc4 32. Bxc4 Rxc4 33. Rxb7 Qc8 34. Qb6
Rd8 35. Ra1 Rc6 36. Qb3 Rc7 37. Rb4 Qd7 38. Kg1 Qc6 39. Rc1 Qd7 40. Rxc7 Qxc7
41. Qf3 Rd7 42. h4 Qc5 43. Qf6+ Kh7 44. Rd4 Qe7 45. Rxd7 Qxd7 46. hxg5 hxg5 47.
Qxg5 Qb5 48. Qd2 Nxe5 49. Qc3 f6 50. Qc7+ Kg6 51. Bxe5 fxe5 52. Qc2+ Kf6 53. Qh7
Qe2 54. Kg2 e4 55. Qh6+ Kf5 56. Qf8+ Kg6 57. Qe8+ Kf6 58. Qh8+ Kg6 59. Qg8+ Kf6
60. Qf8+ Kg6 61. Qf4 Qd3 62. Qg4+ Kf6 63. Qf4+ Kg6 64. Kh3 Qf1+ 65. Kh2 Qd3 66.
Qe3 Qd5 67. g4 Qd6+ 68. Kh3 Qd5 69. Kh4 Qd8+ 70. Kg3 Qd6+ 71. Qf4 Qd3+ 72. Kh4
Qb1 73. Qg5+ Kf7 74. Qh5+ Kg7 75. Qe5+ Kf7 76. Kg5 Ke7 77. Qc7+ Ke8 78. Qc6+ Ke7
79. Qc5+ Kf7 80. Qa7+ Kf8 81. Kf6 Qb2+ 82. Kg6 Ke8 83. Qf7+ Kd8 84. Qf6+ 1-0

[Event "25th European Teams Women"]
[Site "Batumi GEO"]
[Date "2025.10.08"]
[Round "4.8"]
[Board "3"]
[White "Exler, Veronika"]
[Black "Matnadze Bujiashvili, Ann"]
[Result "0-1"]
[WhiteTitle "WIM"]
[BlackTitle "IM"]
[WhiteElo "2180"]
[BlackElo "2321"]
[WhiteTeam "Austria"]
[BlackTeam "Spain"]
[WhiteFideId "1620550"]
[BlackFideId "13601377"]
[EventDate "2025.10.05"]

1. d4 Nf6 2. c4 e6 3. Nf3 d5 4. g3 Bb4+ 5. Bd2 Be7 6. Bg2 c6 7. Qc2 O-O 8. O-O
Nbd7 9. Bf4 a5 10. Rd1 a4 11. Nc3 Qa5 12. cxd5 exd5 13. Ne5 Nxe5 14. Bxe5 h6 15.
h3 Re8 16. g4 Nd7 17. Bg3 Bb4 18. a3 Bf8 19. e4 dxe4 20. Nxe4 Nb6 21. Nc5 Nd5
22. Bf3 Nf6 23. Rac1 Bxc5 24. dxc5 Be6 25. Qc3 Qxc3 26. Rxc3 Bd5 27. Bxd5 Nxd5
28. Rc2 Re4 29. Kg2 Rae8 30. Kf3 f5 31. Bd6 fxg4+ 32. hxg4 Nf6 33. Rg1 Rd4 34.
Bf4 Rf8 35. Bd6 Rf7 36. g5 hxg5 37. Ke3 Rg4 38. f3 Rxg1 0-1

[Event "25th European Teams Women"]
[Site "Batumi GEO"]
[Date "2025.10.08"]
[Round "4.8"]
[Board "4"]
[White "Garcia-Castany Musellas, Gal.la"]
[Black "Deak-Sala, Emilia"]
[Result "1/2-1/2"]
[WhiteTitle "WFM"]
[BlackTitle "WFM"]
[WhiteElo "2201"]
[BlackElo "2170"]
[WhiteTeam "Spain"]
[BlackTeam "Austria"]
[WhiteFideId "2241803"]
[BlackFideId "795615"]
[EventDate "2025.10.05"]

1. e4 c5 2. Nf3 d6 3. d4 cxd4 4. Nxd4 Nf6 5. Nc3 Nc6 6. Bc4 e6 7. Be3 a6 8. Qe2
Bd7 9. Bb3 Rc8 10. Rd1 Na5 11. O-O Be7 12. f4 O-O 13. e5 Ne8 14. f5 Nxb3 15.
axb3 Qc7 16. fxe6 fxe6 17. Rxf8+ Bxf8 18. Nf3 dxe5 19. Ne4 Bc6 20. Neg5 Nf6 21.
Nxe6 Bxf3 22. Qxf3 Qc6 23. Qxc6 Rxc6 24. Nxf8 Kxf8 25. c4 Ke7 26. h3 Nd7 27. Kf2
Rd6 28. Ra1 Ke6 29. Ke2 Nb8 30. Rf1 Nc6 31. Rf8 Rd8 32. Rxd8 Nxd8 33. Kd3 Nc6
34. Bd2 h5 35. Ke4 Nd4 36. b4 Nf5 37. c5 Ne7 38. Bc3 Nc6 39. g3 g6 40. g4 hxg4
41. hxg4 Ne7 42. Bxe5 Nd5 43. Bc3 Nc7 44. Kf4 Nd5+ 45. Kg5 Kf7 46. Be1 Kg7 47.
Bd2 Kf7 48. Bc3 Nc7 49. Kf4 Ke6 50. Ke4 Nb5 51. Be1 Na7 52. Bd2 Nc6 53. Bc3 Na7
54. Kd4 Nc6+ 55. Kc4 Na7 56. Be1 Nb5 57. Bg3 Na7 58. Bf4 Nc8 59. b5 axb5+ 60.
Kxb5 Kd5 61. Bg5 Ke4 62. Bf6 g5 63. Bxg5 Kf3 64. c6 Na7+ 65. Kb6 Nxc6 66. Kxb7
Na5+ 67. Ka6 Nb3 68. Kb5 Kxg4 69. Be3 Kf3 70. Kb4 Na1 71. Ba7 Nc2+ 72. Kc3 Ne1
73. b4 Ke4 74. Bf2 Nd3 75. b5 Ne5 76. Bg3 Kd5 77. Bxe5 Kc5 78. Bd4+ 1/2-1/2

[Event "25th European Teams Women"]
[Site "Batumi GEO"]
[Date "2025.10.08"]
[Round "4.9"]
[Board "1"]
[White "Brunello, Marina"]
[Black "Injac, Teodora"]
[Result "1-0"]
[WhiteTitle "IM"]
[BlackTitle "IM"]
[WhiteElo "2287"]
[BlackElo "2436"]
[WhiteTeam "Italy"]
[BlackTeam "Serbia"]
[WhiteFideId "822590"]
[BlackFideId "932400"]
[EventDate "2025.10.05"]

1. e4 c5 2. Nf3 Nc6 3. d4 cxd4 4. Nxd4 Qb6 5. Nb3 e6 6. a3 Nf6 7. Nc3 Qc7 8. Be3
a6 9. f4 d6 10. g4 b5 11. Qe2 Rb8 12. Bg2 Be7 13. g5 Nd7 14. O-O b4 15. axb4
Nxb4 16. Nd4 Nb6 17. Rad1 Nc4 18. Bc1 g6 19. b3 Na5 20. Bb2 O-O 21. Kh1 Bb7 22.
f5 exf5 23. Nd5 Nxd5 24. exd5 Rfe8 25. Qd2 Bd8 26. Rfe1 Rf8 27. c4 Nxc4 28. bxc4
Qxc4 29. Rc1 Qa4 30. Nc6 Bxc6 31. dxc6 Qa2 32. Rc2 Bxg5 33. Qd4 1-0

[Event "25th European Teams Women"]
[Site "Batumi GEO"]
[Date "2025.10.08"]
[Round "4.9"]
[Board "2"]
[White "Pogorelskikh, Sofia"]
[Black "Zimina, Olga"]
[Result "1-0"]
[WhiteTitle "WIM"]
[BlackTitle "IM"]
[WhiteElo "2289"]
[BlackElo "2274"]
[WhiteTeam "Serbia"]
[BlackTeam "Italy"]
[WhiteFideId "44164548"]
[BlackFideId "4132190"]
[EventDate "2025.10.05"]

1. e4 c6 2. Nc3 d5 3. Nf3 dxe4 4. Nxe4 Nf6 5. Qe2 Nxe4 6. Qxe4 Nd7 7. d4 Nf6 8.
Qd3 Bg4 9. Be2 e6 10. O-O Be7 11. h3 Bf5 12. Qb3 Qb6 13. c3 O-O 14. Bf4 Nd5 15.
Bg3 a5 16. Qxb6 Nxb6 17. a4 Rac8 18. Nd2 Ra8 19. Rfe1 Bc2 20. Nc4 Nxc4 21. Bxc4
Rfd8 22. Re2 Bf5 23. Bc7 Rd7 24. Bb6 Bd6 25. g4 Bg6 26. Kg2 h5 27. Rae1 Bh7 28.
d5 cxd5 29. Bb5 Re7 30. Rd1 hxg4 31. hxg4 f5 32. c4 fxg4 33. c5 Bf4 34. Rxd5 Kf7
35. Rd7 Bf5 36. Rd8 Rb8 37. Bxa5 g5 38. Rxb8 Bxb8 39. Bd8 e5 40. Bxe7 Kxe7 41.
Bc4 Bd7 42. Bd5 Bxa4 43. Bxb7 Bc7 44. b4 Bb5 45. Rd2 Bb8 46. Be4 Bc7 47. Kg3 Bd7
48. Ra2 Kd8 49. Ra8+ Ke7 50. Rh8 1-0

[Event "25th European Teams Women"]
[Site "Batumi GEO"]
[Date "2025.10.08"]
[Round "4.9"]
[Board "3"]
[White "Gueci, Tea"]
[Black "Velikic, Adela"]
[Result "1-0"]
[WhiteTitle "WIM"]
[BlackTitle "WIM"]
[WhiteElo "2175"]
[BlackElo "2261"]
[WhiteTeam "Italy"]
[BlackTeam "Serbia"]
[WhiteFideId "872342"]
[BlackFideId "913553"]
[EventDate "2025.10.05"]

1. e4 c5 2. Nf3 d6 3. Bb5+ Nd7 4. O-O a6 5. Be2 Ngf6 6. d3 e6 7. a4 b6 8. Nfd2
Bb7 9. f4 b5 10. Bf3 Qb6 11. Kh1 h5 12. axb5 axb5 13. Rxa8+ Bxa8 14. e5 Bxf3 15.
Nxf3 Ng4 16. Qe2 d5 17. c4 bxc4 18. dxc4 d4 19. Na3 Be7 20. Nb5 O-O 21. Bd2 Ra8
22. Rb1 Nb8 23. Ne1 g6 24. f5 Nd7 25. fxg6 fxg6 26. Nd3 Qb8 27. h3 Ne3 28. Bxe3
dxe3 29. Qxe3 Qf8 30. Qe4 Kh7 31. Nc7 Ra7 32. Nxe6 Qf5 33. Qxf5 gxf5 34. Nef4 h4
35. Nd5 Bg5 36. e6 Nf8 37. Nxc5 Ng6 38. Re1 Ra5 39. b4 Ra7 40. b5 Bd2 41. Rd1
Bg5 42. b6 Ra2 43. b7 Rb2 44. e7 Nxe7 45. Nxe7 Be3 46. Nc6 1-0

[Event "25th European Teams Women"]
[Site "Batumi GEO"]
[Date "2025.10.08"]
[Round "4.9"]
[Board "4"]
[White "Mehmed, Elif"]
[Black "Zito, Enrica"]
[Result "1-0"]
[WhiteTitle "WGM"]
[BlackTitle "WFM"]
[WhiteElo "2295"]
[BlackElo "2045"]
[WhiteTeam "Serbia"]
[BlackTeam "Italy"]
[WhiteFideId "2921103"]
[BlackFideId "2864083"]
[EventDate "2025.10.05"]

1. e4 c5 2. Nf3 Nc6 3. Bb5 e6 4. O-O Nge7 5. d4 cxd4 6. Nxd4 Ng6 7. Be3 a6 8.
Be2 Be7 9. c4 O-O 10. Nc3 Qc7 11. Rc1 Nxd4 12. Qxd4 d6 13. Na4 Bd7 14. Nb6 Rad8
15. Rfd1 Bf6 16. Qd2 Bc6 17. Nd5 exd5 18. cxd5 Ne7 19. dxc6 Nxc6 20. Bc4 Rfe8
21. Bd5 Qd7 22. f3 Ne7 23. Bb3 Rc8 24. Qxd6 Qb5 25. Rxc8 Nxc8 26. Qd7 Ne7 27.
Qxb5 axb5 28. Rd7 Bxb2 29. Bc5 Kf8 30. Rxb7 f6 31. Bd5 Be5 32. Kf1 Bxh2 33. Bc6
Rc8 34. Bxe7+ Kf7 35. Bxb5 Rc1+ 36. Kf2 Ke6 37. Ba3 Rc2+ 38. Be2 f5 39. exf5+
Kxf5 40. Rb2 Rc6 41. g3 1-0

[Event "25th European Teams Women"]
[Site "Batumi GEO"]
[Date "2025.10.08"]
[Round "4.10"]
[Board "1"]
[White "Tsolakidou, Stavroula"]
[Black "Sucikova, Svetlana"]
[Result "1-0"]
[WhiteTitle "IM"]
[BlackTitle "WIM"]
[WhiteElo "2453"]
[BlackElo "2162"]
[WhiteTeam "Greece"]
[BlackTeam "Slovakia"]
[WhiteFideId "4264312"]
[BlackFideId "14923653"]
[EventDate "2025.10.05"]

1. e4 c6 2. d4 d5 3. e5 Bf5 4. Nf3 e6 5. Be2 Nd7 6. O-O h6 7. a4 Ne7 8. a5 c5 9.
c4 dxc4 10. Nbd2 Nc6 11. Nxc4 Qc7 12. Bf4 cxd4 13. Nd6+ Bxd6 14. exd6 Qd8 15.
Nxd4 Qf6 16. Nxc6 bxc6 17. Qa4 O-O 18. Qxc6 e5 19. Be3 Rfc8 20. Qa6 Rc2 21. b4
Qg6 22. Rfc1 Be4 23. Bf1 Nb8 24. Qb5 Qxd6 25. Rxc2 Bxc2 26. Rc1 Be4 27. Rc8+ Kh7
28. Bxa7 Rxa7 29. Qxb8 Qe7 30. Rh8+ Kg6 31. Re8 Rb7 32. Rxe7 Rxb8 33. Rxe5 f5
34. f3 1-0

[Event "25th European Teams Women"]
[Site "Batumi GEO"]
[Date "2025.10.08"]
[Round "4.10"]
[Board "2"]
[White "Nadzamova, Viktoria"]
[Black "Avramidou, Anastasia"]
[Result "0-1"]
[WhiteTitle "WFM"]
[BlackTitle "FM"]
[WhiteElo "2126"]
[BlackElo "2316"]
[WhiteTeam "Slovakia"]
[BlackTeam "Greece"]
[WhiteFideId "14943999"]
[BlackFideId "4239873"]
[EventDate "2025.10.05"]

1. e4 c5 2. Nf3 d6 3. Nc3 Nf6 4. Bb5+ Nbd7 5. O-O a6 6. Bxd7+ Bxd7 7. d4 cxd4 8.
Qxd4 e5 9. Qd3 h6 10. a4 Be7 11. Nd2 Be6 12. Nc4 Rc8 13. Ne3 O-O 14. Ncd5 Nxd5
15. Nxd5 f5 16. exf5 Bxf5 17. Qb3 Kh8 18. Qxb7 Bh4 19. Be3 Be4 20. Rad1 Rxc2 21.
Qb4 Bxf2+ 22. Rxf2 Rfxf2 23. Bxf2 Qf8 24. Qe1 Rxb2 25. Nc3 Bc6 26. Rd2 Rb3 27.
Ne4 Qf5 28. Nxd6 Qg6 29. Bg3 Rb1 30. Rd1 Qc2 31. Rd2 Qxd2 32. Nf7+ Kg8 0-1

[Event "25th European Teams Women"]
[Site "Batumi GEO"]
[Date "2025.10.08"]
[Round "4.10"]
[Board "3"]
[White "Pavlidou, Ekaterini"]
[Black "Bochnickova, Simona"]
[Result "1-0"]
[WhiteTitle "WIM"]
[BlackTitle "WFM"]
[WhiteElo "2217"]
[BlackElo "2102"]
[WhiteTeam "Greece"]
[BlackTeam "Slovakia"]
[WhiteFideId "4213262"]
[BlackFideId "14958562"]
[EventDate "2025.10.05"]

1. d4 f5 2. Bf4 Nf6 3. Nc3 d5 4. e3 e6 5. Bd3 a6 6. h3 c5 7. Nf3 Nc6 8. a3 b5 9.
dxc5 Bxc5 10. Ne2 O-O 11. Ned4 Qe8 12. Nxc6 Qxc6 13. Ne5 Qe8 14. c3 Bd6 15. Bc2
Bxe5 16. Bxe5 Bb7 17. Qd4 Rc8 18. Bd3 Qf7 19. O-O Nd7 20. f4 Rfd8 21. Rad1 Nf8
22. Rd2 Ng6 23. Be2 Ne7 24. Qd3 Nc6 25. Bd4 Re8 26. Bd1 Na5 27. Rdf2 Nc4 28. Qb1
a5 29. Bc2 Ba6 30. Bd3 g6 31. g4 Bb7 32. Rg2 Kf8 33. Qd1 Qd7 34. Qe1 Ke7 35. b3
Nxa3 36. Ra2 Qd6 37. Be5 Qc6 38. Bd4 Qd6 39. Be5 Qc6 40. Bd4 Qd6 41. Be5 Qc6 42.
Bd4 Nc4 43. Qh4+ Kd7 44. bxc4 dxc4 45. Bb1 b4 46. Rd2 Qb5 47. Qxh7+ Kc6 48. Rfd1
bxc3 49. Bxc3 Rcd8 50. Be5 1-0

[Event "25th European Teams Women"]
[Site "Batumi GEO"]
[Date "2025.10.08"]
[Round "4.10"]
[Board "4"]
[White "Sevcikova, Lucia"]
[Black "Grapsa, Georgia"]
[Result "1-0"]
[WhiteTitle "WFM"]
[BlackTitle "WFM"]
[WhiteElo "2116"]
[BlackElo "2086"]
[WhiteTeam "Slovakia"]
[BlackTeam "Greece"]
[WhiteFideId "14940744"]
[BlackFideId "4206436"]
[EventDate "2025.10.05"]

1. c4 Nf6 2. Nc3 c5 3. g3 d5 4. cxd5 Nxd5 5. Bg2 Nc7 6. f4 Qd7 7. b3 Nc6 8. Bb2
e6 9. Ne4 Rb8 10. Nf3 f5 11. Nf2 Bd6 12. Nd3 O-O 13. O-O b6 14. Rc1 Bb7 15. Qc2
Nd5 16. a3 Rbc8 17. Nfe5 Qe7 18. e4 Nd4 19. Qd1 Nf6 20. Bxd4 cxd4 21. Rxc8 Rxc8
22. exf5 Bxg2 23. Kxg2 Qb7+ 24. Qf3 Qxf3+ 25. Nxf3 exf5 26. b4 Rc2 27. Rc1 Ra2
28. Rc8+ Bf8 29. Nde5 d3 30. Nxd3 Ne4 31. Nde5 Nxd2 32. Nd7 Nxf3+ 33. Kxf3 Rxa3+
34. Kg2 Ra2+ 35. Kh3 Kf7 36. Nxf8 h6 37. Nd7 g5 38. Ne5+ Ke6 39. Rc6+ Kd5 40.
Rxh6 gxf4 41. gxf4 Ke4 42. Ng6 Rb2 43. Rh7 a5 44. Re7+ Kd4 45. bxa5 bxa5 46. Re5
a4 47. Rxf5 Rb6 48. Ne7 Ra6 49. Rd5+ Ke4 50. f5 a3 51. Rd1 a2 52. Ra1 Ke5 53.
Kg4 1-0

[Event "25th European Teams Women"]
[Site "Batumi GEO"]
[Date "2025.10.08"]
[Round "4.11"]
[Board "1"]
[White "Roebers, Eline"]
[Black "Unuk, Laura"]
[Result "1/2-1/2"]
[WhiteTitle "IM"]
[BlackTitle "IM"]
[WhiteElo "2383"]
[BlackElo "2317"]
[WhiteTeam "Netherlands"]
[BlackTeam "Slovenia"]
[WhiteFideId "1058401"]
[BlackFideId "14609215"]
[EventDate "2025.10.05"]

1. e4 e6 2. d4 d5 3. Nc3 Nf6 4. e5 Nfd7 5. f4 c5 6. Nf3 Nc6 7. Be3 Be7 8. a3 O-O
9. dxc5 Nxc5 10. Be2 b6 11. b4 Ne4 12. Nxe4 dxe4 13. Qxd8 Rxd8 14. Nd2 Bb7 15.
O-O-O Nd4 16. Bxd4 Rxd4 17. Nc4 Rd5 18. Ne3 Rdd8 19. Bc4 Kf8 20. h4 Rxd1+ 21.
Kxd1 a5 22. f5 axb4 23. fxe6 bxa3 24. Rf1 f6 25. Ba2 Rd8+ 26. Kc1 Bc5 27. Nf5 g6
28. e7+ Bxe7 29. Nxe7 Kxe7 30. exf6+ Kf8 31. h5 Rd6 32. hxg6 hxg6 33. f7 e3 34.
Re1 Bd5 35. Bxd5 Rxd5 36. Rxe3 Ra5 37. Kb1 a2+ 38. Ka1 Kxf7 39. Rb3 Rc5 40. c3
Rg5 41. Rb2 Rg3 42. Rc2 Ke6 43. Kxa2 Kd5 44. Kb3 Kc5 45. Re2 b5 1/2-1/2

[Event "25th European Teams Women"]
[Site "Batumi GEO"]
[Date "2025.10.08"]
[Round "4.11"]
[Board "2"]
[White "Urh, Zala"]
[Black "Van Foreest, Machteld"]
[Result "0-1"]
[WhiteTitle "WIM"]
[BlackTitle "FM"]
[WhiteElo "2252"]
[BlackElo "2314"]
[WhiteTeam "Slovenia"]
[BlackTeam "Netherlands"]
[WhiteFideId "14611481"]
[BlackFideId "1051563"]
[EventDate "2025.10.05"]

1. d4 e6 2. c4 b6 3. Nf3 Bb7 4. e3 Bb4+ 5. Bd2 Qe7 6. Bd3 f5 7. O-O Bxd2 8.
Nbxd2 Nf6 9. Qc2 O-O 10. e4 Nc6 11. a3 fxe4 12. Nxe4 Nh5 13. d5 exd5 14. Ng3
Rxf3 15. gxf3 Nd4 16. Qd1 Nf4 17. Bxh7+ Kxh7 18. Qxd4 Qh4 19. Qxg7+ Kxg7 20.
Nf5+ Kf6 21. Nxh4 Rh8 22. Ng2 Rg8 23. Kh1 Rxg2 24. Rad1 dxc4 25. Rd4 Rg4 0-1

[Event "25th European Teams Women"]
[Site "Batumi GEO"]
[Date "2025.10.08"]
[Round "4.11"]
[Board "3"]
[White "Bensdorp-De Labaca, Marlies"]
[Black "Shpanko, Nadiia"]
[Result "0-1"]
[WhiteTitle "WIM"]
[BlackTitle "WIM"]
[WhiteElo "2215"]
[BlackElo "2174"]
[WhiteTeam "Netherlands"]
[BlackTeam "Slovenia"]
[WhiteFideId "1009311"]
[BlackFideId "14132400"]
[EventDate "2025.10.05"]

1. d4 d5 2. c4 e6 3. Nc3 Nf6 4. cxd5 exd5 5. Bg5 c6 6. e3 h6 7. Bh4 Be7 8. Bd3
O-O 9. Bg3 Re8 10. Nf3 Ne4 11. Bxe4 dxe4 12. Nxe4 Qb6 13. Qd2 Bf5 14. Nc3 Qa6
15. Rd1 Bb4 16. a3 Ba5 17. Ne5 Nd7 18. b4 Nxe5 19. Bxe5 Bb6 20. a4 Qc4 21. a5
Bd8 22. Na2 Be6 23. Ra1 Be7 24. f3 Qb5 25. Kf2 Bxa2 26. Qxa2 Bxb4 27. Rhb1 c5
28. Qb3 b6 29. axb6 axb6 30. Rxa8 Rxa8 31. dxc5 bxc5 32. Qd5 Qa4 33. Rb2 Qa5 34.
Qc4 Re8 35. Ra2 Qb6 36. Ra6 Qb7 37. f4 Rd8 38. Kg3 Be1+ 39. Kh3 Qd7+ 40. g4 Qe7
41. Kg2 Qh4 42. Kf3 Qh3+ 43. Ke4 Qxg4 44. Rd6 Qg2+ 45. Kf5 g6+ 46. Kf6 Bh4# 0-1